<?xml version="1.0" encoding="UTF-8"?><?xml-stylesheet type="text/xsl" href="static/style.xsl"?><OAI-PMH xmlns="http://www.openarchives.org/OAI/2.0/" xmlns:xsi="http://www.w3.org/2001/XMLSchema-instance" xsi:schemaLocation="http://www.openarchives.org/OAI/2.0/ http://www.openarchives.org/OAI/2.0/OAI-PMH.xsd"><responseDate>2026-04-14T18:42:04Z</responseDate><request verb="GetRecord" identifier="oai:uvadoc.uva.es:10324/71995" metadataPrefix="marc">https://uvadoc.uva.es/oai/request</request><GetRecord><record><header><identifier>oai:uvadoc.uva.es:10324/71995</identifier><datestamp>2025-02-19T12:03:03Z</datestamp><setSpec>com_10324_38</setSpec><setSpec>col_10324_852</setSpec></header><metadata><record xmlns="http://www.loc.gov/MARC21/slim" xmlns:doc="http://www.lyncode.com/xoai" xmlns:xsi="http://www.w3.org/2001/XMLSchema-instance" xmlns:dcterms="http://purl.org/dc/terms/" xsi:schemaLocation="http://www.loc.gov/MARC21/slim http://www.loc.gov/standards/marcxml/schema/MARC21slim.xsd">
<leader>00925njm 22002777a 4500</leader>
<datafield tag="042" ind1=" " ind2=" ">
<subfield code="a">dc</subfield>
</datafield>
<datafield tag="720" ind1=" " ind2=" ">
<subfield code="a">Rodríguez Fernández, Jonatán</subfield>
<subfield code="e">author</subfield>
</datafield>
<datafield tag="260" ind1=" " ind2=" ">
<subfield code="c">2024</subfield>
</datafield>
<datafield tag="520" ind1=" " ind2=" ">
<subfield code="a">Estudio del proceso desamortizador llevado a cabo por José I Bonaparte a su&#xd;
llegada al trono español, que afectó al patrimonio cultural de diversas órdenes religiosas&#xd;
y realidades eclesiales, a través de la documentación de la sección de Gracia y Justicia&#xd;
en el Archivo General de Simancas. Se realiza un acercamiento histórico a los&#xd;
testimonios documentales del “Gobierno Intruso”, que ofrecen una detallada&#xd;
información sobre el devenir del patrimonio afectado por las medidas bonapartistas. Por&#xd;
medio de un análisis archivístico y documental de los expedientes tocantes a todas las&#xd;
diócesis españolas, se expone la problemática del proceso desamortizador y sus&#xd;
repercusiones patrimoniales.</subfield>
</datafield>
<datafield tag="520" ind1=" " ind2=" ">
<subfield code="a">Study of confiscation process carried out by José I Bonaparte upon his arrival&#xd;
to the Spanish throne through the documentation of the Grace and Justice section in the&#xd;
General Archive of Simancas (Valladolid), a process that affected the cultural heritage&#xd;
of various religious orders and eclesial realities. A historical approach to the&#xd;
documentary testimonies of the “Intrusive Government” is made to provide detailed&#xd;
information about what happened to the heritage affected by Bonapartist measures. The&#xd;
problems of the confiscation and the patrimonial repercussions are exposed through&#xd;
archival and documentary análisis of the files relating to all Spanish dioceses.</subfield>
</datafield>
<datafield tag="024" ind2=" " ind1="8">
<subfield code="a">https://uvadoc.uva.es/handle/10324/71995</subfield>
</datafield>
<datafield tag="245" ind1="0" ind2="0">
<subfield code="a">La Desamortización de José I Bonaparte y su repercusión en el patrimonio cultural Estudio de los documentos del Archivo General de Simancas</subfield>
</datafield>
</record></metadata></record></GetRecord></OAI-PMH>